00821cam a2200229 a 450000500170000000800410001701000150005802000180007302000180009104000500010904100080015910000240016724501110019126000610030230000440036354100650040765000200047265000210049265300200051370000270053370000310056020160329073603.0160329s2002 enkd fr 001 0 eng d a2002073442 a9780521485845 a9780521485843 aCO-BoUCMbspacSandra PalaciodSandra Palacio0 aeng1 aSarno, Luciod1970-14aThe economics of exchange ratescLucio Sarno y Mark Taylor ; con un prólogo de Jeffrey Alexander Frankel aCambridge (Inglaterra)bCambridge University Pressc2002 axii, 318 páginasbtablas y gráficas aTodo Libros Salazar;cCompra;d2007/Ago./29;h$86.000;n1 c. 7aTasas de cambio 7aCambio exterior  aTipos de cambio1 aTaylor, Mark P.d1958-1 aFrankel, Jeffrey Alexander